000 00417nam a2200133 a 4500
005 20140414132104.0
008 100823s19uu xx 00 eng d
050 _aTR 428.20
_bT37 1999
100 _aThompson, Bobi
245 _aTake five minutes :
_b365 calendar-related editing activities.
260 _aWestminster, California :
_bTeacher Created Resources,
_c1999.
650 _aSentence building
999 _c114542
_d114542